banner koha

Distribuição e crescimento de Garcinia brasilensis Mart. e Hevea spruceana (Benth.)Müll. Arg. em uma floresta inundável em Manaus, Amazonas (Registro n. 230186)

MARC details
000 -LÍDER
campo de controle de tamanho fixo 01064nas a2200337 4500
001 - NÚMERO DE CONTROLE
campo de controle BR2013006100
003 - IDENTIFICADOR DO NÚMERO DE CONTROLE
campo de controle BR-BrBNA
005 - DATA E HORÁRIO DA ÚLTIMA TRANSAÇÃO
campo de controle 20231205122725.0
007 - CAMPO FIXO DE DESCRIÇÃO FÍSICA--INFORMAÇÃO GERAL
campo de controle de tamanho fixo ta
008 - CAMPO DE DADOS FIXOS--INFORMAÇÃO GERAL
campo de controle de tamanho fixo 230509b bl.|||p| |||| 00| 00por d
040 ## - FONTE DA CATALOGAÇÃO
Instituição da catalogação original BR-BrBNA
Idioma da catalogação por
Instituição que transcreveu o registro Biblioteca Nacional de Agricultura
041 ## - CÓDIGO DE IDIOMA
Código do idioma do texto/trilha sonora ou título diferente (Pt)
072 ## - CÓDIGO DE CATEGORIA DE ASSUNTO
Código de Categoria de Assunto F70
100 1# - ENTRADA PRINCIPAL--NOME PESSOAL
Nome pessoal Marinho, T.A. da S.
100 1# - ENTRADA PRINCIPAL--NOME PESSOAL
Nome pessoal Lopes, A.
100 1# - ENTRADA PRINCIPAL--NOME PESSOAL
Nome pessoal Assis, R.L. de
100 1# - ENTRADA PRINCIPAL--NOME PESSOAL
Nome pessoal Ramos, S.L.F.
100 1# - ENTRADA PRINCIPAL--NOME PESSOAL
Nome pessoal Gomes, L.R.P.
100 1# - ENTRADA PRINCIPAL--NOME PESSOAL
Nome pessoal Wittmann, F.
100 1# - ENTRADA PRINCIPAL--NOME PESSOAL
Nome pessoal Schöngart, J.
245 1# - TÍTULO
Título Distribuição e crescimento de Garcinia brasilensis Mart. e Hevea spruceana (Benth.)Müll. Arg. em uma floresta inundável em Manaus, Amazonas
650 ## - ASSUNTO--TERMO TÓPICO
Cabeçalho tópico ou nome geográfico GUTTIFERAE
650 ## - ASSUNTO--TERMO TÓPICO
Cabeçalho tópico ou nome geográfico CRESCIMENTO
650 ## - ASSUNTO--TERMO TÓPICO
Cabeçalho tópico ou nome geográfico RADIAÇÃO
650 ## - ASSUNTO--TERMO TÓPICO
Cabeçalho tópico ou nome geográfico REGENERAÇÃO
650 ## - ASSUNTO--TERMO TÓPICO
Cabeçalho tópico ou nome geográfico DISTRIBUIÇÃO GEOGRÁFICA
650 ## - ASSUNTO--TERMO TÓPICO
Cabeçalho tópico ou nome geográfico PROPRIEDADE FÍSICO-QUÍMICA
773 0# - ENTRADA ANALÍTICA
Título Ciência Florestal (Brazil)
ISSN - International Standard Serial Number ISSN 0103-9954
Partes relacionadas (Jan-Mar 2013), v. 23(1) p. 223-232
Número de controle do registro BR2013006100
909 ## -
-- 202311
-- Lúcia
-- 55
-- Lúcia Elande
942 ## - ELEMENTOS DE ENTRADA ADICIONADOS (KOHA)
Fonte da classificação ou esquema de arquivamento na estante Classificação AGRIS
Ocultar no OPAC Não
Tipo de material Koha Analítica
Exemplares
Situação do descarte Fonte da classificação ou esquema de arquivamento na estante Situação física Não pode ser emprestado Biblioteca de origem Biblioteca atual Localização na estante Enumeração do periódico / cronologia Total de empréstimos Data de último acesso Número do exemplar Tipo de material Koha Fonte de aquisição
  Classificação AGRIS   Consulta local Biblioteca Nacional de Agricultura - Binagri Biblioteca Nacional de Agricultura - Binagri   (Jan-Mar 2013), v. 23(1) p. 223-232   29/11/2023 01 Periódicos Portaria Interministerial nº 164/94

BINAGRI

Telefone: (61)3218-2567/2388/3357/2097 - binagri@agro.gov.br

Ministério da Agricultura e Pecuária , Esplanada dos Ministérios, Bloco D, Anexo B, Brasília/DF, CEP: 70.043-900